00231nam a2200073Ia 4500008004100000050002500041100002100066245007000087230915s9999 xx 000 0 und d aLB 2831.58 .R43 2007 aRebore,Ronald W. 0aHuman Resources Administration in Education:A Management Approach